Metodologické základy mikroekonomickej teórie

Gespeichert in:
Bibliographische Detailangaben
1. Verfasser: Gazda, Vladimír
Körperschaft: Ekonomická univerzita v Bratislave. Podnikovohospodárska fakulta so sídlom v Košiciach
Weitere Verfasser: Spišiak, Ladislav, Valenčáková, Eva, Výrost, Tomáš, 1978-, Žigová, Silvia
Format: Buch
Sprache:Slowakisch
Veröffentlicht: Bratislava Vydavateľstvo EKONÓM 2004
Schlagworte:
Tags: Tag hinzufügen
Keine Tags, Fügen Sie das erste Tag hinzu!

MARC

LEADER 00000nam$a2200000$$$4500
001 0013540
005 20240502071358.6
020 |a 80-225-1814-X 
041 0 |a slo 
044 |a SK 
245 1 0 |a Metodologické základy mikroekonomickej teórie  |c Vladimír Gazda a kolektív 
264 1 |a Bratislava  |b Vydavateľstvo EKONÓM  |c 2004 
300 |a 145 s. 
610 2 0 |a teórie ekonomické 
610 2 0 |a mikroekonomika 
610 2 0 |a matematika 
610 2 0 |a teória spotreby 
610 2 0 |a výroba 
610 2 0 |a funkcie matematické 
610 2 0 |a produkcia 
610 2 0 |a modelovanie ekonometrické 
100 1 |a Gazda, Vladimír 
700 1 |a Spišiak, Ladislav 
700 1 |a Valenčáková, Eva 
700 1 |a Výrost, Tomáš, 1978- 
700 1 |a Žigová, Silvia 
710 2 |a Ekonomická univerzita v Bratislave. Podnikovohospodárska fakulta so sídlom v Košiciach